000
00312nam a22001457a 4500
020
_a
0-590-94736-8
082
_a
823
_b
DANA
100
_a
DANZIGER, PAULA
245
_a
AMBER BROWN
260
_a
NEW YORK
_b
SCHOLASTIC INC.
_c
1997
300
_a
120
520
_a
SHORT STORY
650
_a
SHORT STORY
942
_c
BK
999
_c
5792
_d
5792